| 000 | 00364nam a2200133 i 4500 | ||
|---|---|---|---|
| 001 | 89291 | ||
| 003 | ES-MaACL | ||
| 007 | t| | ||
| 008 | 050105s1911 fr ||||1| fre d | ||
| 100 | 1 |
_aLapauze, Henry. _970138 |
|
| 245 | 1 | 0 |
_aIngres _b: su vie & son oeuvre : (1780-1867) / _cHenry Lapauze. |
| 260 |
_aParĂs : _bGeorges Petit, _c1911. |
||
| 852 |
_aES-MaACL _jG-5012 |
||
| 999 |
_c89291 _d89291 |
||